1371 1879 1505 1252 1775 1833 1278 1814 1521 1719 1662 1482 1067 1766 1113 1157 1730 1511 1593 1084 1360 1979 1024 1031 1255 1953 1186 1029 1243 1196 1129 1841 1388 1093 1115 1350 1094 1113 1120 1665 1895 1292 1051 1335 1116 1652 1885 1104 1845 1255 1375 1434 1934 1588 1692 1429 1870 1667 1042 1215 1533 1405 1359 1691 1707 1163 1552 1551 1144 1540 1391 1422 1691 1180 1090 1892 1263 1041 1806 1827 1679 1595 1587 1717 1284 1567 1226 1935 1078 1650 1512 1793 1838 1398 1567 1156 1215 1477 1897 BCNSPRNW ULIB Ver.6.0+V

เปลี่ยนเป็นภาษาไทย

Change to English
 แสดงรายละเอียดบรรณานุกรม
  กลับหน้าหลัก

Brief Record : Get Marc (ISO 2709) : E-mail record : QR code < ปิดหน้าต่าง
LEADER : 00000nam 2200000uu 4500
001    13399128189
003     ULIB
008    220815s2021||||th 000 0 tha d
020 ^- ^a9781284204308
060 ^- ^aWX215^bE4415
245 00 ^aEmergency care and transportation of the sick and injured.
250 ^- ^a12th ed.
260 ^- ^aSudbury, Mass. :^bJones and Bartlett,^c2021.
300 ^- ^a xxxi, 1639 p.
650 ^4 ^aEmergency medical services.
650  0 ^aEmergency treatment.
700 1^ ^aBrowner, Bruce D.
700 0  ^aJacobs, Lenworth M
700 0  ^aPollak, Andrew N.
945    ^p0^l0^i009293
999    ^aประนอม เกษจรัล
รายการนี้ยังไม่มีแท็ก
คุณยังไม่ได้ล็อกอิน คุณสามารถมีกิจกรรมร่วมกับเว็บไซต์ได้ แต่ต้องล็อกอินก่อน ::
  ล็อกอิน

รายการสื่อสารสนเทศ

ลำดับที่ ประเภท เลขเรียก/บาร์โค้ด สถานที่ สถานะ
1. วิทยาศาสตร์การแพทย์ และสุขภาพ
หนังสือสำรอง
สถานะ=หนังสือสำรอง
WX215 E4415 ฉ.1 
  Barcode: 009293
ห้องสมุดวิทยาเขตสวรรค์ประชารักษ์
►หนังสือทั่วไป
บนชั้น

รายการใกล้เคียง
    หัวเรื่อง [Emergency medical services.]

BibComment


ยังไม่เคยถูกคอมเมนท์

คอมเมนท์ทรัพยากรรายการนี้
  คอมเมนท์: Emergency care a..


 Copyright 2026. Bcnsprnw @Library